000 01365nam a2200349 i 4500
003 EG-GICUC
005 20260121101443.0
008 251209s2005 ua ||||fr|||| 00| 0 ara d
017 _a2005/13987
020 _aI.S.N.B 977-04-9741
040 _a EG-GICUC
_bara
_c EG-GICUC
_d EG-GICUC
_erda
041 0 _aara
082 0 4 _221
_a343.46
_bأ ي , ا
092 0 4 _221
099 _aLaw1 10 343.46 أ ي , ا 2005
100 0 _aأيمن عبد الحفيظ
_eمؤلف.
245 1 2 _aالاتجاهات الفنية و الأمنية لمواجهة الجرائم المعلوماتية /
_cدكتور أيمن عبد الحفيظ
264 1 _a :[ مكان النشر غير محدد]
_b,مطابع الشرطة
_c2005 .
300 _a257؛ صفحة
_bإيضاحيات، صور، مثيليات ؛
_c24 سم
336 _2rda content
_atext
337 _2rda media
_aComputer
338 _2rda carrier
_aOnline Resource
504 _a. 240-220 ببليوجرافيا: صفحات.
546 _aالنص باللغة العربية
650 1 4 _aالتشريعات المتعلقة بتقنية المعلومات
_2qrmak
650 1 4 _aالجرائم المعلوماتية
650 1 4 _aالقانون الجنائي
651 1 _2qrmak
856 4 0 _uhttps://fll.law.cu.edu.eg/fulltext/bks/B10-06721.pdf
905 _a5
942 _2ddc
_cBK
_e21
_n0
999 _c49203
_d49203